000 01038nac a22002897a 4500
001 BR6001228
003 BR-BrBNA
005 20240105113001.0
008 230509b bl.|||m| |||| 00| 0 por d
040 _aBR-BrBNA
_bpor
_cBiblioteca Nacional de Agricultura
072 _aE30; E70; E15
090 _aE30 BR6001228
110 1 _aMinisterio da Agricultura, Brasilia, DF (Brasil). Escritorio Central de Planejamento e Controle
_96800
245 1 _aCarta de Brasilia. Acao no Parana 1967-1968 [politica agricola, mate, madeira, trigo, semente, mecanizacao, abastecimento, pesca, cooperativa, batata, aviacao agricola, Brasil]
260 3 _aBrasilia, DF (Brasil):
_c1968.
300 _a155 p.
490 _aCarta de Brasilia (Brazil)
_v
_x
650 _aABASTECIMENTO
650 _aDESENVOLVIMENTO AGRICOLA
650 _aPESCA
650 _aCOOPERATIVA
650 _aESTATISTICA DE PRODUCAO
650 _aDEFESA ANIMAL
650 _aDEFESA VEGETAL
909 _a202312
_bLúcia Elande
_c55
_dLúcia Elande
942 _2AGRIS
_n0
_cMS
999 _c261272
_d261272